Culpabilidad y necesidad de la pena / (Registro nro. 4698)

Detalles MARC
000 -LEADER
fixed length control field 00993nam a2200253Ia 4500
003 - CONTROL NUMBER IDENTIFIER
control field OSt
005 - DATE AND TIME OF LATEST TRANSACTION
control field 20200814235838.0
008 - FIXED-LENGTH DATA ELEMENTS--GENERAL INFORMATION
fixed length control field 191128s2004 ck gr 000 0 spa d
020 ## - INTERNATIONAL STANDARD BOOK NUMBER
International Standard Book Number 9588059496
040 ## - CATALOGING SOURCE
Original cataloging agency CO-JMCR
Transcribing agency CO-JMCR
041 0# - LANGUAGE CODE
Language code of text/sound track or separate title spa
082 04 - DEWEY DECIMAL CLASSIFICATION NUMBER
Classification number 345.04 /
Item number G245c
Edition number 23
100 1# - MAIN ENTRY--PERSONAL NAME
Personal name Garzón Roa, Tomás,
Relator term autor
9 (RLIN) 8840
245 10 - TITLE STATEMENT
Title Culpabilidad y necesidad de la pena /
Statement of responsibility, etc. Tomás Garzón Roa
260 ## - PUBLICATION, DISTRIBUTION, ETC.
Place of publication, distribution, etc. Bogotá :
Name of publisher, distributor, etc. Procuraduría General de la Nación,
Date of publication, distribution, etc. 2004
300 ## - PHYSICAL DESCRIPTION
Extent 98 páginas ;
Dimensions 17 cm.
490 0# - SERIES STATEMENT
Series statement Pensamiento jurídico. Derecho penal ;
Volume/sequential designation 13
500 ## - GENERAL NOTE
General note Incluye notas a pie de página.
504 ## - BIBLIOGRAPHY, ETC. NOTE
Bibliography, etc. note Bibliografía: páginas 93-98
505 0# - FORMATTED CONTENTS NOTE
Formatted contents note La culpabilidad -- Los fines de la pena -- Culpabilidad y necesidad de la pena -- Límites de la intervención punitiva del Estado -- La tensión entre la aplicación restringida o en extenso del principio de necesidad de pena
650 14 - SUBJECT ADDED ENTRY--TOPICAL TERM
Topical term or geographic name entry element Penas
9 (RLIN) 8525
650 14 - SUBJECT ADDED ENTRY--TOPICAL TERM
Topical term or geographic name entry element Culpa jurídica
9 (RLIN) 8841
942 ## - ADDED ENTRY ELEMENTS (KOHA)
Source of classification or shelving scheme Dewey Decimal Classification
Koha item type Books
Existencias
Withdrawn status Lost status Source of classification or shelving scheme Damaged status Not for loan Collection code Home library Current library Date acquired Source of acquisition Full call number Barcode Date last seen Copy number Koha item type
    Dewey Decimal Classification     Non-fiction Biblioteca Pública José María del Castillo y Rada Biblioteca Pública José María del Castillo y Rada 12/01/2018 Donación 345.04 / G245c 230002345 05/16/2024 Ej.1 Books